header

Digital media law (Record no. 110819)

MARC details
000 -LEADER
fixed length control field 01459nam a2200373 a 4500
082 04 - DEWEY DECIMAL CLASSIFICATION NUMBER
Classification number 343.7309/9
100 1# - MAIN ENTRY--AUTHOR NAME
Personal name Packard, Ashley.
245 10 - TITLE STATEMENT
Title Digital media law
250 ## - EDITION STATEMENT
Edition statement 2nd ed.
260 ## - PUBLICATION, DISTRIBUTION, ETC. (IMPRINT)
Place of publication Malden, Mass. :
Name of publisher John Wiley & Sons, Inc.,
Year of publication 2013.
300 ## - PHYSICAL DESCRIPTION
Number of Pages xi, 404 p. :
Other physical details ill.
650 #0 - SUBJECT ADDED ENTRY--TOPICAL TERM
Topical Term Digital media
Topical Term Internet
Topical Term Telecommunication
Topical Term Freedom of expression
Topical Term Digital media
856 40 - ELECTRONIC LOCATION AND ACCESS
Uniform Resource Identifier http://site.ebrary.com/lib/rucke/Doc?id=10593119

No items available.

© 2026 Rongo University
Contact us: librarian | system librarian | Rongo university